000
00398nam a2200133Ia 4500
008
151001s9999||||xx |||||||||||||| ||und||
100
_a
गुरुनाथ - नाईक
245
_a
शांतीवाला
250
_a
1
260
_b
बांदोडकर पब्लिशिंग कंपनी मुंबई
260
_c
1984
300
_a
254
365
_b
18
999
_c
963789
_d
963786